| 000 | 01185nam a2200325 i 4500 | ||
|---|---|---|---|
| 001 | bg | ||
| 003 | BPK | ||
| 005 | 20250722063909.0 | ||
| 008 | 980713s1997 pl a f f |000 0 pol | ||
| 015 | _aPB 1997/3281 | ||
| 020 | _a8301122307 | ||
| 040 |
_aWA N _cBPK |
||
| 080 | _a658.14/.17(1-775) | ||
| 080 | _a330.322(1-775) | ||
| 080 | _a336.76](1-775) | ||
| 100 | 1 |
_aWęcławski, Jerzy _d(1953- ) _eAutor |
|
| 245 | 1 | 0 |
_aVenture capital : _bnowy instrument finansowania przedsiębiorstw / _cJerzy Węcławski ; Fundacja Edukacyjna Przedsiębiorczości. |
| 260 |
_aWarszawa : _bWydaw. Naukowe PWN, _c1997. |
||
| 300 |
_a235, [1] s. : _bwykr. ; _c24 cm. |
||
| 490 | 1 | _aPrzedsiębiorczość | |
| 504 | _aBibliogr. s. 234-[236]. | ||
| 650 | 4 |
_aInwestycje _xfinanse. |
|
| 650 | 4 |
_aFinanse przedsiębiorstwa _xfinanse. |
|
| 650 | 4 |
_aRynek kapitałowy _xkraje gospodarczo rozwinięte. |
|
| 650 | 4 | _aRyzyko inwestycyjne | |
| 710 | 2 |
_aWydawnictwo Naukowe PWN _4pbl. |
|
| 856 |
_uhttp://koha.tu.koszalin.pl/cgi-bin/koha/opac-detail.pl?biblionumber=32708 _yKatalog online BPK |
||
| 830 | 0 | _aPrzedsiębiorczość (PWN) | |
| 942 |
_2UKD _cKS |
||
| 999 |
_c32708 _d32708 |
||